000 00583nam a22001817a 4500
003 UA-OsUOA
001 15690
007 ta
008 20031203b un ||||| |||| 00| 0 ukr d
100 _aБабінець А.
942 _cSA
040 _aUA-OsUOA
_cUA-OsUOA
_dUA-OsUOA
245 _aХто сказав , що свинина нерентабельна ?: [Про СВК "Селянський " Корец. р-ну]
300 _aС.5
955 _a0
773 0 _w0
_tВільне слово
_dРівне
_d2003
_g№92/лист./
650 7 _aКраєзнавча робота
_2UDC
999 _c301855
_d301855